00358 a2200109 4500001001000000005001700010008004100027245007400068100002100142773006800163999001700231ART_4478820260410161808.0260409a 10aLa acción individual de responsabilidad en la quiebra de sociedades1 aFerro, Carlos A.0 tDoctrina Societaria y Concursalg- Nº 361 (dic. 2017)wREV4298 c21207d21207